Cycling - UCI Women's World Tour Teams 2025 - Statistics

General Stats
  • This quiz has been taken 20 times
  • The average score is 8 of 15
Answer Stats
License Country Team Name % Correct
Spain Movistar Team
79%
USA Lidl - Trek
71%
Norway Uno-X Mobility
71%
France FDJ - SUEZ
64%
Netherlands Team SD Worx - Protime
64%
Netherlands Team Visma | Lease a Bike
64%
Belgium Fenix-Deceuninck
57%
UAE UAE Team ADQ
57%
Belgium AG Insurance - Soudal Team
50%
Germany CANYON SRAM zondacrypto
50%
Netherlands Team Picnic PostNL
36%
Australia Liv AlUla Jayco
29%
Germany CERATIZIT Pro Cycling Team
21%
USA Human Powered Health
21%
Switzerland Roland Le Dévoluy
14%
No matching quizzes found
Score Distribution
Percent of People with Each Score
Percentile by Number Answered
Your Score History
You have not taken this quiz